10 największych miast Kanady - Statystyki

Ogólne statystyki
  • Ten quiz został rozwiązany 152 razy
  • Średni wynik to 6 z 10
Statystyki odpowiedzi
# Populacja Miasto % Poprawnych
4. 945 438 Ottawa
97%
1. 2 731 579 Toronto
97%
2. 1 704 694 Montreal
87%
8. 631 486 Vancouver
83%
5. 932 546 Edmonton
71%
3. 1 239 220 Calgary
65%
10. 557 390 Quebec
59%
7. 705 224 Winnipeg
50%
6. 721 599 Mississauga
9%
9. 593 638 Brampton
4%
Nie znaleziono quizów pasujących do podanych kryteriów
Rozkład punktacji
Procent ludzi z każdym wynikiem
Percentyl według liczby udzielonych odpowiedzi
Twoja historia wyników
Nie rozwiązałeś tego quizu